000 00349nam a2200145Ia 4500
100 _aAston/Richard
650 _aBiomedical
942 _cRB
654 _abiomedical
245 _aPrinciples of biomedical instrumentation and measurement
260 _bMaxwell Macmillan
_c1990
082 _a610.28
_bAST
300 _a558
546 _aENGLISH
_cTTL
999 _c34269
_d34269